Statistics for Biggest Cities in Switzerland

Click here to take the quiz!

General Stats

  • This quiz has been taken 14,576 times
  • The average score is 5 of 10

Answer Stats

Population City % Correct
128,848Bern
97%
372,047Z├╝rich
94%
201,164Geneva
90%
166,173Basel
63%
133,521Lausanne
51%
77,491Lucerne
47%
55,060Lugano
31%
72,959St. Gallen
28%
101,203Winterthur
20%
53,031Biel/Bienne
16%

Score Distribution

Percentile by Number Answered

Percent of People with Each Score

Your Score History

You have not taken this quiz